[Event "FIDE-Wch k.o."]
[Site "New Delhi/Teheran"]
[Date "2000.12.24"]
[Round "7.4"]
[White "Anand, Viswanathan"]
[Black "Shirov, Alexei"]
[Result "1-0"]
[WhiteElo "2762"]
[BlackElo "2746"]
[Annotator "Anand,V"]
[PlyCount "81"]
[EventDate "2000.11.27"]
[EventType "k.o."]
[EventRounds "7"]
[EventCountry "IND"]
[SourceTitle "CBM 081"]
[Source "ChessBase"]
[SourceDate "2001.03.20"]
[SourceVersion "1"]
[SourceVersionDate "2001.03.20"]
[SourceQuality "1"]

1. e4 {Needing only a point from 3 games to become World Champion, I decided
just to play a normal game and to forget about the score.  I had to check all
the openings that Alexei plays, but this year we have played a lot of French
Defences, so I wondered if he would repeat.} e6 2. d4 d5 3. Nc3 Nf6 4. e5 {
In Sydney, I went for 4.Bg5, but didn't get much out of the opening.} Nfd7 5.
Nce2 {I used this against him in Leon and Frankfurt. Against Bareev, I didn't
get much from the opening, so in Sydney I deviated with 4.Bg5, but now it's
time to return to "our" main line!} c5 6. f4 ({Against} 6. c3 cxd4 7. cxd4 f6 {
Black tried to blast White's centre immediately. White can play 8.f4, but this
contains a lot of danger for White.}) 6... Nc6 {Fairly quickly. Black can go
for 6...cxd4, but Alexei had an improvement in mind over our game in Frankfurt.
} 7. c3 Qb6 8. Nf3 f6 {He played 8...Be7 in Frankfurt, but we transpose anyway.
} 9. a3 Be7 10. h4 O-O 11. Rh3 a5 $1 (11... Na5 $2 12. b4 cxb4 13. axb4 Nc4 14.
Ng3 $16 {Anand-Shirov Frankfurt 2000}) 12. b3 Qc7 {There are two game with 12..
.Qd8, but this move looks much better. For a start, there are possiblities of
Qc3+ in some line...} 13. Neg1 a4 $2 {There is no need for this.} (13... b6 14.
Be3 (14. Bd3 cxd4 15. cxd4 (15. Bxh7+ $2 Kxh7 16. Ng5+ fxg5 17. hxg5+ Kg8 18.
Qh5 Ndxe5 19. fxe5 Qxe5+ 20. Ne2 Ba6) 15... fxe5 16. fxe5 Nxd4 (16... Ncxe5))
14... Ba6 15. Bxa6 Rxa6 {This looks about equal.}) 14. b4 fxe5 15. fxe5 Ndxe5 {
In this position, such drastic measures are simply necessary. If White can
consolidate his centre, then his kingside attack will be overwhelming.} (15...
cxd4 16. cxd4 Ndxe5 17. dxe5 Nxe5 18. Bb2 $16) 16. dxe5 Nxe5 17. Nxe5 $1 {
The best move. White's two knights would keep tripping on each other, so it's
useful to exchange one of them.} Qxe5+ 18. Qe2 Bxh4+ $2 {He played this quite
fast, but it's an error.} (18... Qc7 $1 {Black now follows with e5 which
should give him some play. Also, White's king isn't going to be completely
safe on the queenside either.}) 19. Kd1 $1 {Now Black has to exchange queens.}
Qf6 $2 (19... Qxe2+ 20. Bxe2 Bf2 21. Be3 e5 22. Bxf2 Rxf2 23. Rg3 {I think
White has a comfortable edge in the ending. This reminds me of the ending in
the Slav, where White is a piece up (1.d4 d5 2.c4 c6 3.Nc3 Nf6 4.Nf3 dxc4 5.a4
Bf5 6.Ne5 e6 7.f3 Bb4). Here Black's centre is too loose.}) 20. Nf3 $1 Qxc3 $6
(20... g5 21. Nxh4 Qxf1+ 22. Qxf1 Rxf1+ 23. Ke2 Rxc1 24. Rxc1 gxh4 25. Rxh4 $16
{White's rooks have all the open files they need!}) 21. Bb2 {Now White wins a
second piece.} Qb3+ 22. Kc1 e5 {The only move - otherwise Ne5 wins the queen.}
23. Rxh4 {Obviously a pleasant choice - to win a queen or be two pieces up. I
saw that I could swap queens and go into an ending and decided not to bother
with the alternative. Still, taking the queen would have finished it earlier.}
(23. Nd2 Bxh3 24. Nxb3 Rf2 (24... Bg4 25. Qxg4 Rxf1+ 26. Kc2 axb3+ 27. Kxb3 c4+
28. Ka2 $18 {White just collects all the pawns.}) 25. Qb5 (25. Qd1 Bg5+ 26. Kb1
Bf5+ 27. Bd3 e4 28. Bc2 axb3 29. Qxd5+ Kh8 30. Qxb3 $18) 25... Bg5+ 26. Kb1
Bf5+ 27. Bd3 axb3 28. Bxf5 Rxf5 29. bxc5 $18) 23... Bf5 24. Qd1 e4 25. Qxb3
axb3 26. Nd2 {Harvesting all these pawns is going to take a while, but
basically the evaluation of the position is clear - White is winning.} e3 (
26... c4 27. Bd4 $18) 27. Nf3 (27. Nxb3 Bg6 28. Be2 Rf2 29. Kd1 Rxg2 30. Rg4
$18) 27... Rae8 28. Kd1 (28. bxc5 e2 29. Kd2 exf1=Q 30. Rxf1 {Wins as well,
but there is no reason to return material.}) 28... c4 29. Be2 Be4 30. Kc1 Re6
31. Bc3 Rg6 32. Rh2 Bd3 33. Bxd3 cxd3 34. Kb2 d2 35. Kxb3 (35. Rd1 {Followed
by Bxd2 just finishes it.}) 35... Rg3 36. Kb2 {Yes, Kc2 is quicker. I guess I
was getting nervous!} g5 37. Kc2 Rc8 (37... g4 38. Nd4 (38. Be5 gxf3 39. Bxg3
f2 40. Rh4 Rf5 41. Rg4+ Kf7 42. Bxf2 Rxf2 43. Kd3 $18) 38... Rf2 39. Rd1 e2 40.
Nxe2 Rxe2 41. Rxd2 $18) 38. Kd3 g4 39. Be5 Rc1 40. Rh1 Rxg2 41. Nh4 {I played
this and left the stage. When I came back Alexei graciously congratulated me
on becoming World Champion!} (41. Nd4 $4 {There is one last trick in the
position} d1=Q+ $1 42. Rxd1 Rd2+ $1) 1-0

[Event "Corus"]
[Site "Wijk aan Zee"]
[Date "2001.01.17"]
[Round "4"]
[White "Fedorov, Alexei"]
[Black "Anand, Viswanathan"]
[Result "1/2-1/2"]
[WhiteElo "2575"]
[BlackElo "2790"]
[Annotator "Bangiev,A"]
[PlyCount "45"]
[EventDate "2001.01.13"]
[EventType "tourn"]
[EventRounds "13"]
[EventCountry "NED"]
[EventCategory "19"]
[SourceTitle "CBM 081"]
[Source "ChessBase"]
[SourceDate "2001.03.20"]
[SourceVersion "1"]
[SourceVersionDate "2001.03.20"]
[SourceQuality "1"]

1. e4 e5 2. f4 exf4 3. Nf3 g5 4. h4 g4 5. Ne5 d6 6. Nxg4 Nf6 7. Nxf6+ Qxf6 8.
Nc3 Nc6 9. Nd5 Qg6 10. d3 Qg3+ 11. Kd2 Ne7 {[%mdl 8]} (11... Be6 12. c3 (12.
Nxc7+ Kd7 13. Nxe6 {1/2-1/2 Barle,J-Pavasovic,D/Ljubljana 1997/CBM 58 ext (13)}
) 12... O-O-O 13. Kc2 Bxd5 14. exd5 Ne7 15. Qh5 Qg6 16. Qf3 Bh6 17. Bxf4 Bxf4
18. Qxf4 Nxd5 19. Qf3 Qe6 20. g3 Ne3+ (20... Ne3+ {1/2-1/2 Kristiansen,
J-Nielsen,P/Ringsted 1995/CBM 47 ext (20)}) 21. Kd2 Nxf1+ 22. Rhxf1 Rdf8 23.
Rfe1 Qh6+ 24. Kc2 f5 25. Re7 Qg6 26. Rae1 Rhg8 27. Rxc7+ Kxc7 28. Re7+ Kb6 29.
Rxb7+ Ka5 30. b4+ Ka4 31. Qc6+ {1-0 Aagaard,J-Rasmussen,P/Copenhagen 1996/CBM
54 ext (31)}) 12. Qe1 $1 (12. Nxc7+ $2 Kd8 13. Nxa8 Qe3+ 14. Kc3 Qc5+ 15. Kd2
Qe3+ {Schwarz hat hier mindestens Remis.}) (12. Nf6+ $6 Kd8) 12... Nxd5 13.
exd5+ Be7 14. Qxg3 fxg3 15. Be2 $11 Rg8 16. Kd1 Bg4 17. Bg5 $1 (17. Bf4 Kd7 18.
Kd2 Bxe2 19. Kxe2 Rg4 20. Kf3 h5 21. Bxg3 Rag8 22. Rh3 Rd4 23. Bf2 Rxd5 $15)
17... Bxg5 18. Bxg4 (18. hxg5 $2 Bf5) 18... Bf6 19. Bf5 Kf8 (19... Bxb2 $2 20.
Rb1 Bc3 21. Rxb7 $16) 20. c3 Re8 21. d4 h5 22. Rh3 Bg7 (22... a6 23. Kd2 a5 24.
Rf1 $14) (22... Re3 23. Kd2 Re8 24. Rf1) 23. Rxg3 $11 {Am besten nach 23...Bf6}
1/2-1/2

[Event "Corus"]
[Site "Wijk aan Zee"]
[Date "2001.01.28"]
[Round "13"]
[White "Anand, Viswanathan"]
[Black "Van Wely, Loek"]
[Result "1-0"]
[WhiteElo "2790"]
[BlackElo "2700"]
[Annotator "Ftacnik,L"]
[PlyCount "67"]
[EventDate "2001.01.13"]
[EventType "tourn"]
[EventRounds "13"]
[EventCountry "NED"]
[EventCategory "19"]
[SourceTitle "CBM 081"]
[Source "ChessBase"]
[SourceDate "2001.03.20"]
[SourceVersion "1"]
[SourceVersionDate "2001.03.20"]
[SourceQuality "1"]

1. e4 c5 2. Nf3 d6 3. d4 cxd4 4. Nxd4 Nf6 5. Nc3 a6 6. Be3 e5 7. Nb3 Be6 8. Qd2
Be7 9. f3 O-O 10. O-O-O Qc7 11. g4 Rc8 12. Kb1 Nbd7 (12... d5 $5 13. exd5 Nxd5
14. Nxd5 Bxd5 15. Be2 (15. Qxd5 $2 Rd8 $1 $17) 15... Be6 16. Bd3 a5 17. Qf2 Nd7
18. a4 b6 19. h4 Rab8 20. h5 Nc5 21. Nxc5 bxc5 22. Bb5 {1-0 Oppitz,
P-Degenhardt,H/Germany/1992/ (50)}) 13. Qf2 b5 14. g5 Nh5 (14... Ne8 15. h4 b4
16. Nd5 Bxd5 17. Rxd5 $16) 15. h4 b4 16. Nd5 Bxd5 17. Rxd5 a5 18. Bh3 a4 19.
Nc1 {It s remarkable that this position was alreaday played. The strength of
the bishop along c8-h3 diagonal means, that the black's plan with 11...Rc8 has
it's drawbacks.} Rcb8 (19... Rab8 20. Nd3 b3 21. cxb3 axb3 22. a3 Qb7 23. Bg4
Rc2 24. Qe1 $16) 20. Bg4 Nf4 (20... g6 21. Bxh5 gxh5 22. Rhd1 Nb6 23. Bxb6 Rxb6
24. f4 $16) 21. Bxf4 exf4 22. Bxd7 $1 {[%mdl 32] Very deep strategical
solution, black is lost due to the worse pawn structure and absence of the
objects for his own pieces.} (22. Nd3 $6 Nb6 23. Rd4 d5 24. exd5 Rd8 $11) 22...
Qxd7 23. Qd2 Rb5 (23... b3 24. cxb3 axb3 25. Nxb3 Qb7 26. Nc1 $16) 24. Ne2 Rc8
(24... Rxd5 25. Qxd5 Rc8 26. Nxf4 $16) 25. Nxf4 b3 (25... a3 26. Rxb5 Qxb5 27.
Nd5 Bd8 28. b3 $18) 26. cxb3 $1 axb3 27. a3 Rc2 28. Qd3 {There is no way to
improve black's attack, but nobody can prevent white's progress.} Rb8 (28...
Rxd5 29. Nxd5 Qb7 30. Nxe7+ Qxe7 31. Qxb3 Rc8 32. Rc1 $18) 29. Rd4 Bf8 (29...
Bd8 30. Nd5 Rc5 31. Rc4 $18) 30. Nd5 Rf2 31. Qe3 Rg2 (31... Rc2 32. Rd3 Qa4 33.
h5 $18) 32. Rd2 Rg3 (32... Rxd2 33. Qxd2 Rc8 34. Qb4 $18) 33. Qf2 Rh3 34. Rhd1
{The rook on h3 is trapped, the fight is over.} (34. Rhd1 Be7 35. Nf4 $18) 1-0

[Event "Leon Man+Comp"]
[Site "Leon"]
[Date "2001.06.09"]
[Round "1.1"]
[White "Anand, Viswanathan"]
[Black "Leko, Peter"]
[Result "0-1"]
[WhiteElo "2794"]
[BlackElo "2730"]
[Annotator "Huzman,A"]
[PlyCount "98"]
[EventDate "2001.06.08"]
[EventType "k.o. (rapid)"]
[EventRounds "2"]
[EventCountry "ESP"]
[SourceTitle "CBM 084"]
[Source "ChessBase"]
[SourceDate "2001.09.13"]
[SourceVersion "1"]
[SourceVersionDate "2001.09.13"]
[SourceQuality "1"]

1. e4 e5 2. Nf3 Nf6 3. Nxe5 d6 4. Nf3 Nxe4 5. d4 d5 6. Bd3 Nc6 7. O-O Be7 8.
Re1 Bg4 9. c3 f5 10. Qb3 O-O 11. Nbd2 Na5 12. Qa4 (12. Qc2 Nc6 13. b4 Bd6 14.
b5 Ne7 15. Ne5 Bxe5 16. dxe5 Nc5 17. Nb3 Nxd3 18. Qxd3 f4 19. Qd4 Ng6 20. Nc5
Nh4 $36 {1/2-1/2 Arakhamia,K-Engedal,K/Masters 1994 (34)}) 12... Nc6 13. Qb3
Na5 14. Qc2 Nc6 15. b4 {White is launching a queenside attack with an idea to
occupy the e5 square. In responce, Black is trying to combine the defence of
the point in quiestion with mobilisation of his pieces on the king's side.The
game shows that Black's initiative is very dangerous.} a6 16. a4 Bd6 17. Rb1
Qf6 18. b5 axb5 19. Rxb5 (19. axb5 Ne7 {[%cal Ye7g6,Yg6f4]}) 19... Rae8 20. Be2
(20. Rxb7 $2 Nxd2 21. Rxe8 (21. Qxd2 Bxf3 22. Rxe8 Rxe8 23. gxf3 Qh4 24. f4
Qg4+ 25. Kh1 (25. Kf1 Qh3+ 26. Kg1 Bxf4 $19) 25... Bxf4 $19) (21. Bxd2 Bxf3 22.
Rxe8 Rxe8 23. gxf3 Qh4 24. f4 Qg4+ 25. Kh1 Re6 $1 26. Bxf5 Qf3+ 27. Kg1 Re2 $19
) 21... Nxf3+ 22. gxf3 Rxe8 23. fxg4 Re1+ 24. Kg2 (24. Bf1 Qh4 25. f4 Qh3 $19)
24... Qh4 25. h3 fxg4 $19) 20... Ng5 21. Qd3 (21. Qd1 Qh6 (21... b6 22. Rxd5)
22. h4 Ne6 $1 (22... Bxf3 23. Bxf3 (23. Nxf3 Nxf3+ 24. Bxf3 Qxh4 25. g3 Bxg3
26. Bxd5+ Kh8 27. fxg3 Qxg3+ 28. Kf1 Re4 $44) 23... Qxh4 (23... Nxf3+ 24. Nxf3
Rxe1+ 25. Qxe1 Qg6 26. Rxd5 Re8 27. Qf1 $16) 24. Bxd5+ Kh8 25. Nf1 Ne4 26. Qf3
Nxd4 27. cxd4 c6 28. Bxc6 bxc6 29. Rxf5 $16) 23. Nb3 Nf4 24. Bxf4 Qxf4 25. g3
Qh6 $40 {[%cal Yf5f4]}) 21... Qh6 22. h4 (22. h3 Bxh3 $1 (22... Nxh3+ 23. gxh3
Qxh3 24. Ne5 Qxd3 25. Bxd3 Nxe5 26. dxe5 Bxe5 27. Kg2) 23. Nxg5 (23. gxh3 Nxh3+
24. Kf1 Nf4 $19) 23... Bxg2 24. Kxg2 Qh2+ 25. Kf3 h6 $1 $40 {/-+} (25... Qf4+
$11)) 22... Ne6 $1 23. Nf1 Bf4 (23... Qxc1 $5 24. Rxc1 Nf4 25. Qc2 Nxe2+ 26.
Kh1 Nxc1 27. Qxc1 Re2 $44) 24. Ba3 Bd6 25. Bxd6 (25. Bc1 $142) 25... cxd6 26.
Qd2 Nf4 27. Bd1 (27. Ne3 Nxe2+ 28. Qxe2 Qg6 29. Qd1 Bxf3 30. Qxf3 f4 $36) 27...
Re4 28. Re3 (28. Rxb7 Na5 29. Rb1 (29. Re7 Qf6 30. R7xe4 fxe4 $40) 29... Nc4
30. Qc1 Rfe8 $44) (28. Ne3 $1 Nd8 29. Ng5 Bxd1 30. Rxd1 Ree8 31. g3 Ng6 32.
Nxd5 f4 $44 {/+/-}) 28... Nd8 29. a5 $6 (29. Ng3) 29... Qg6 $1 {/\30...Ng2} 30.
Ne1 Nh3+ $1 31. Rxh3 Bxh3 32. Bf3 (32. Ng3 Qe8 $1 33. Nxe4 Qxb5 34. Nxd6 Qc6
35. Qf4 Rf6 $17) 32... Rxh4 33. Bxd5+ Kh8 $17 34. Qd3 Re8 35. Nc2 Rh6 36. f4 $2
Ne6 37. Qg3 Nc7 $19 38. c4 Nxd5 (38... Nxb5 39. cxb5 Re2 40. Qxg6 Rxg6 41. Nce3
Rb2 42. a6 Rxb5 43. axb7 $44) 39. cxd5 (39. Rxd5 Bxg2 (39... Qf7 $19) 40. Qxg2
Qxg2+ 41. Kxg2 Re2+ 42. Kf3 Rxc2 43. Rxf5 Kg8 44. Rb5 Rh1 45. Ng3 Rc3+ 46. Kg2
Ra1 $19) 39... Qf7 40. Nce3 Bg4 41. Rb2 Rg6 42. Qf2 Qc7 43. Rb6 Qc3 44. Qd2
Qxd2 45. Nxd2 Rxe3 46. a6 Re8 47. axb7 Rb8 48. Kf2 Rf6 49. Nc4 Kg8 0-1

[Event "Leon Man+Comp"]
[Site "Leon"]
[Date "2001.06.09"]
[Round "1.2"]
[White "Leko, Peter"]
[Black "Anand, Viswanathan"]
[Result "0-1"]
[WhiteElo "2730"]
[BlackElo "2794"]
[Annotator "Tyomkin,D"]
[PlyCount "50"]
[EventDate "2001.06.08"]
[EventType "k.o. (rapid)"]
[EventRounds "2"]
[EventCountry "ESP"]
[SourceTitle "CBM 084"]
[Source "ChessBase"]
[SourceDate "2001.09.13"]
[SourceVersion "1"]
[SourceVersionDate "2001.09.13"]
[SourceQuality "1"]

1. e4 c5 2. Nf3 d6 3. d4 cxd4 4. Nxd4 Nf6 5. Nc3 a6 6. Bg5 e6 7. f4 Qb6 8. Nb3
Nbd7 9. Qf3 Be7 10. O-O-O Qc7 11. Bd3 h6 {11...b5 is more popular move in this
position, and more logical as well;} (11... b5 {Tyomkin,D} 12. a3 Rb8 13. Rhe1
{As it was proved in two games of this tournament, this line isn't dangerous
for black.} b4 {1/2-1/2 Leko,P-Kasparov,G/Linares 2001/CBM 82/[Tyomkin,D] (55)
After Polgar's 13...h6, black wasn't worse anywhere:} (13... h6 {1/2-1/2 Leko,
P-Polgar,J/Linares 2001/CBM 82_01 (27)})) 12. Bh4 (12. Bxf6 Bxf6 13. Ne2 Nb6
14. Ned4 Bd7 15. Rhe1 Na4 16. Qe2 e5 $1 (16... O-O-O 17. e5 dxe5 18. fxe5 Be7
19. Rf1 $14 {1/2-1/2 Petrosian,A-Dementiev,O/Yerevan 1983/MCD (39)}) 17. fxe5
Bxe5 $15 {[%cal Ye5b2] Any white knight can not get d5-square;}) (12. h4 $5
$146 {Oratovsky,M This is recomendation of my friend, Michael Oratovsky.} hxg5
13. hxg5 Nh7 $44 14. g6 $5 fxg6 15. e5 Ndf8 16. Qg3 Kf7 17. Rh3 $44 {[%cal
Gd1h1,Yh3h7]}) 12... g5 $1 (12... Nxe4 $6 13. Nxe4 Bxh4 14. Qg4 d5 15. Qxh4
dxe4 16. Bxe4 $14 {1-0 Insomniac-Francesca/London ENG 2000/The Week in Chess
303 (70)}) 13. Bf2 $146 {This move lets black to catch the initiative in few
moves;  From all other moves, 13.e5 looks like only way to fight for advantage;
} (13. Bg3 gxf4 14. Bxf4 Ne5 15. Qe2 b5 16. a3 Rb8 17. Rhf1 Nfd7 {1/2-1/2
Timman,J-Ljubojevic,L/Tilburg 1984/MCD (17)}) (13. e5 $5 gxh4 (13... g4 $2 14.
Qf2 dxe5 15. f5 $1 $16) 14. exf6 Nxf6 (14... Bxf6 $5 {with the idea to place
black knight on e5 after f4-f5 of white;} 15. Ne4 Be7 16. f5 Ne5 $13) 15. f5 $1
e5 16. Be4 Rg8 17. Nd2 Rg5 18. Rhf1 Rb8 19. Qh3 Bd7 $132 {1-0 Diaz,J-Ubilava,E/
Varna 1985/MCD (42)}) (13. fxg5 Ne5 14. Qe2 Nfd7 15. Kb1 hxg5 16. Bf2 b5 17.
Rc1 Nb6 $15 {1/2-1/2 Prasad,D-Malisauskas,V/Dhaka 1997/EXT 2000 (38)}) 13...
gxf4 14. Qxf4 b5 15. Kb1 b4 16. Ne2 Bb7 17. Rhf1 Ne5 $15 {[%csl Rc2,Yg2,Yg4]
[%cal Gh8g8,Gh6h5,Ga8c8] White doesn't have any good plan now, in the other
hand, black can easily increase the pressur on both wings: Rc8 attacking c2
weak point on the kinside, and Rg8 and h5 operating over semi-open g-file on
the kingside;} 18. h3 (18. Ng3 h5 {[%cal Ga8c8] with the same ideas as in the
game;}) 18... h5 19. Nbd4 Rc8 {In the following, principal line black doesn't
win a piece by Nxd3 and e5 then, but gets some advantage too. But Anand
probably didn't want to get into complications, keeping his advantage by touch
and logical move;} (19... Nxd3 20. cxd3 e5 21. Qd2 (21. Rc1 Qd7 (21... Qd8 {
[%cal Yd8f6]} 22. Qd2 exd4 23. Qxb4 $44 {[%cal Gf2d4]}) 22. Qd2 Rg8 $1 (22...
exd4 23. Bxd4 Nxe4 $1 24. dxe4 Bxe4+ 25. Ka1 Rg8 26. Nf4 $132) 23. Nf3 Rxg2 24.
Qxb4 Rb8 $17 {[%cal Gd6d5]}) 21... Rg8 $1 (21... exd4 22. Bxd4 Nxe4 23. dxe4
Bxe4+ 24. Ka1 Rg8 25. Nf4 $44) 22. Nf5 Nxe4 23. Qxb4 Nxf2 24. Rxf2 Rxg2 25.
Rxg2 Bxg2 26. Rg1 Rb8 27. Qa4+ Bc6 28. Qxa6 $15) 20. Rc1 (20. Qe3 Nc4 (20...
Rg8 21. Bh4 Nfg4 22. hxg4 Bxh4 23. gxh5 $132) 21. Qf3 d5 22. Bxc4 {Otherwise
23.Bh4} dxe4 $17) 20... Rg8 21. Nf3 (21. Ng3 d5 $1 $19) 21... Nc4 $1 {[%csl
Re4][%cal Gg8g2,Ye6e5] Again, Anand makes a choice on logical move, getting
rid of not necessary complications:} (21... Rxg2 22. Nxe5 dxe5 23. Qf3 {
[%cal Gf2h4]} Rg5 24. Bh4 $1 Rf5 25. Qe3 Bxe4 (25... Bc5 26. Qh6 $44) 26. Rxf5
(26. Bxe4 Rxf1 27. Rxf1 Nxe4 28. Qxe4 f5 29. Qd3 Bxh4 $17) 26... Bxf5 27. Qh6
Nd5 28. Bxf5 exf5 29. Bxe7 Qxe7 30. Qh8+ Kd7 31. Qxh5 Qe6 32. Rd1 {Black is up
a pawn, but black king is not so safe here;}) 22. Bxc4 {There was no way to
get rid of all black threats- e6-e5 was threatening, and white queen gets
trapped there, also g2 was under attack;} (22. Rg1 e5 23. Qf5 {This is only
way to keep pawn e4 protected, but white queen is getting trapped now;} (23.
Qh6 Rg6 24. Qh8+ Kd7 $19) 23... Rd8 {[%cal Rb7c8]} 24. Bxc4 Qxc4 25. Ng3 Bc8
26. Nd2 Bxf5 27. Nxc4 Bxe4 $19) (22. g3 e5 23. Qf5 Rd8 $19 {[%csl Rf5][%cal
Rb7c8]}) 22... Qxc4 $19 {But now white can not protect e4 point;} 23. Qe3 (23.
e5 Ne4 24. Ned4 (24. exd6 Bxd6 25. Qe3 Bd5 26. b3 Qxe2 $1 27. Qxe2 Nc3+ $19)
24... Rxg2 $19 {[%cal Gb7d5]}) 23... Qxe4 24. Qa7 Ra8 25. Qb6 {[%tqu "En",
"Find out the final blow;","","","f6d5","",0,"f6d5","",0]} Nd5 $1 (25... Nd5 {
[%csl Rb6,Re2]} 26. Qxb7 Nc3+ $19 {[%csl Rb7]}) 0-1

[Event "Leon Man+Comp"]
[Site "Leon"]
[Date "2001.06.09"]
[Round "1.3"]
[White "Anand, Viswanathan"]
[Black "Leko, Peter"]
[Result "1/2-1/2"]
[WhiteElo "2794"]
[BlackElo "2730"]
[Annotator "Huzman,A"]
[PlyCount "95"]
[EventDate "2001.06.08"]
[EventType "k.o. (rapid)"]
[EventRounds "2"]
[EventCountry "ESP"]
[SourceTitle "CBM 084"]
[Source "ChessBase"]
[SourceDate "2001.09.13"]
[SourceVersion "1"]
[SourceVersionDate "2001.09.13"]
[SourceQuality "1"]

1. e4 e5 2. Nf3 Nf6 3. Nxe5 d6 4. Nf3 Nxe4 5. d4 d5 6. Bd3 Nc6 7. O-O Be7 8. c4
Nb4 9. Be2 O-O 10. Nc3 Be6 11. Ne5 c5 12. Nxe4 dxe4 13. d5 Bc8 14. a3 Na6 15.
f4 f6 16. Ng4 Bxg4 17. Bxg4 f5 18. Be2 (18. Bh3 Bf6 19. Be3 Bxb2 20. Rb1 Bd4
21. Bxd4 cxd4 22. Qxd4 b6 23. d6 Qf6 24. Rfd1 Nc5 25. Qxf6 Rxf6 26. Rd5 Rd8 27.
Bxf5 Rdxd6 $15 {1/2-1/2 Macieja,B-Pavasovic,D/Portoroz SLO 2001/(58)}) 18...
Bf6 19. Rb1 (19. g3 Bd4+ 20. Kg2 Nc7 21. Rb1 a5 22. b3 Qf6 23. Qc2 Ne8 24. b4
axb4 25. axb4 b6 26. bxc5 bxc5 27. Bd2 Rf7 28. Rb3 Rfa7 29. Rfb1 Ra2 $15 {
1/2-1/2 Leko,P-Kramnik,V/Monaco MNC 2001/(64)}) 19... Bd4+ $1 (19... Nc7 20.
Be3 b6 21. b4) 20. Kh1 Nc7 {Black's main strategical idea is to transfer the
Na6 to d6. His position looks very comfortable.White has no active plan.By
being precise in defence Anand succeeds to hold his position.This theoretical
line seems to be safe for Black.} 21. b4 b6 22. Rb3 Ne8 23. Be3 Bxe3 24. Rxe3
Nd6 25. Rb3 Qf6 (25... Rc8 $5) 26. bxc5 bxc5 27. Qa1 Qxa1 28. Rxa1 Kf7 29. Kg1
Kf6 30. Kf2 Rg8 31. Rab1 {White seizes control over the "b" file. For his turn,
Black is unable to open the game on the king'sside.} h6 (31... g5 32. g3 $11)
32. g3 g5 33. Ke3 g4 34. Kf2 Rae8 35. Rh1 Rb8 36. Rhb1 Rxb3 37. Rxb3 h5 38. Kg2
Ke7 39. h4 Kd7 40. Kf2 Kc7 41. Ke3 Rb8 42. Rxb8 Kxb8 43. Kd2 Kc7 44. Kc3 Kb6
45. Bd1 Ka5 46. Bb3 Nc8 47. Kd2 Nd6 48. Kc3 1/2-1/2

[Event "Leon Man+Comp"]
[Site "Leon"]
[Date "2001.06.09"]
[Round "1.4"]
[White "Leko, Peter"]
[Black "Anand, Viswanathan"]
[Result "1/2-1/2"]
[WhiteElo "2730"]
[BlackElo "2794"]
[Annotator "Huzman,A"]
[PlyCount "40"]
[EventDate "2001.06.08"]
[EventType "k.o. (rapid)"]
[EventRounds "2"]
[EventCountry "ESP"]
[SourceTitle "CBM 084"]
[Source "ChessBase"]
[SourceDate "2001.09.13"]
[SourceVersion "1"]
[SourceVersionDate "2001.09.13"]
[SourceQuality "1"]

1. e4 e5 2. Nf3 Nf6 3. Nxe5 d6 4. Nf3 Nxe4 5. d4 d5 6. Bd3 Bd6 7. O-O O-O 8. c4
c6 9. Re1 Bf5 10. Qb3 Qd7 11. Be3 (11. cxd5 cxd5 12. Nc3 Be6 13. Bxe4 dxe4 14.
d5 Bxd5 15. Nxd5 {1/2-1/2 Mikhalchishin-Ionov/Klaipeda YB/11 1988 (15)}) 11...
dxc4 (11... Na6 $5 12. cxd5 (12. Nc3 Nxc3 13. Bxf5 Qxf5 14. Qxb7 Nb4 15. bxc3
Rfb8 $17) (12. c5 Bc7 13. Nc3 Rae8) 12... cxd5 13. Nc3 Nb4 14. Ne5 Bxe5 15.
Qxb4 Bd6 $11) 12. Bxc4 Qc7 13. Nc3 Nxc3 14. bxc3 Nd7 $11 15. h3 b5 16. Bf1 Nb6
17. Nd2 Rab8 18. c4 bxc4 19. Nxc4 Nxc4 (19... Nd5 20. Qd1 Bh2+ 21. Kh1 Rfe8 $36
) 20. Qxc4 Be4 1/2-1/2